|
|
|
|
| LEADER |
00000nam0a2200000 4500 |
| 001 |
364000 |
| 005 |
20231102011638.0 |
| 035 |
|
|
|a (RuTPU)RU\TPU\retro\21349
|
| 090 |
|
|
|a 364000
|
| 100 |
|
|
|a 20211022d1981 km y0rusy50 ca
|
| 101 |
0 |
|
|a rus
|
| 102 |
|
|
|a MD
|
| 105 |
|
|
|a a z 001zy
|
| 200 |
1 |
|
|a Взаимодействие и распад ядерных систем
|e сборник
|f Академия наук Молдавской ССР, Институт прикладной физики
|
| 210 |
|
|
|a Кишинев
|c Штиинца
|d 1981
|
| 215 |
|
|
|a 98 с.
|c ил.
|
| 320 |
|
|
|a Библиография в конце статей
|
| 606 |
1 |
|
|a Ядерная, атомная, молекулярная физика
|2 stltpush
|3 (RuTPU)RU\TPU\subj\68877
|9 83976
|
| 610 |
1 |
|
|a ядерные реакции
|
| 610 |
1 |
|
|a изучение
|
| 610 |
1 |
|
|a атомное ядро
|
| 610 |
1 |
|
|a структура
|
| 610 |
1 |
|
|a дипольные возбуждения
|
| 610 |
1 |
|
|a свойства
|
| 610 |
1 |
|
|a непрерывные спектры
|
| 610 |
1 |
|
|a учет
|
| 610 |
1 |
|
|a мюоны
|
| 610 |
1 |
|
|a радиационный захват
|
| 610 |
1 |
|
|a легкие ядра
|
| 610 |
1 |
|
|a быстрые частицы
|
| 610 |
1 |
|
|a эмиссия
|
| 675 |
|
|
|a 539.1
|v 4
|
| 712 |
0 |
2 |
|a Академия наук Молдавской ССР
|b Институт прикладной физики
|c (Кишинев)
|2 stltpush
|3 (RuTPU)RU\TPU\col\11347
|9 25052
|
| 801 |
|
1 |
|a RU
|b 63413507
|c 20211022
|
| 942 |
|
|
|c BK
|